000 00652nam a2200181Ia 4500
008 100920s9999 xx 000 0 und d
082 _b104289
_a891.43 न 06
100 _aबोराणा रमेश.
245 _aराजस्थान के कला गौरव.
260 _bराजस्थानी ग्रंथागार जोधपुर.
_c2006
300 _a118
_bसाधी
365 _b200
520 _aहिंदी.
630 _aराजस्थान के कला गौरव.
650 _aहिंदी.
730 _aराजस्थान के कला गौरव.
942 _cBOOK
999 _c744721
_d744718